Electric fencing systems / (Record no. 615821)

000 -LEADER
fixed length control field 00713nam a22001817a 4500
003 - CONTROL NUMBER IDENTIFIER
control field NUST
005 - DATE AND TIME OF LATEST TRANSACTION
control field 20260116160833.0
082 ## - DEWEY DECIMAL CLASSIFICATION NUMBER
Classification number 621.382,RAF
100 ## - MAIN ENTRY--PERSONAL NAME
Personal name Rafique, Fahad
9 (RLIN) 132770
245 ## - TITLE STATEMENT
Title Electric fencing systems /
Statement of responsibility, etc. Fahad Rafique, Ammar Asghar, khizer Saleem and Zahid Ahmed (TE-49)
260 ## - PUBLICATION, DISTRIBUTION, ETC.
Place of publication, distribution, etc. Rawalpindi
Name of publisher, distributor, etc. MCS (NUST)
Date of publication, distribution, etc. June 2016
300 ## - PHYSICAL DESCRIPTION
Extent xii,44p.;
505 ## - FORMATTED CONTENTS NOTE
Formatted contents note introduction (Page-1), Background (Page-3), Specification (page-4), Project Development (Page-10), Project Analysis and Evaluation (Page-23), Conclusions (Page-30), Bibliography (Page-32).
650 ## - SUBJECT ADDED ENTRY--TOPICAL TERM
Topical term or geographic name entry element UG Project
9 (RLIN) 131132
651 ## - SUBJECT ADDED ENTRY--GEOGRAPHIC NAME
Geographic name TE-49
9 (RLIN) 131595
700 ## - ADDED ENTRY--PERSONAL NAME
Personal name Supervised by Naveed Sarfraz Khattak
9 (RLIN) 132771
942 ## - ADDED ENTRY ELEMENTS (KOHA)
Source of classification or shelving scheme
Koha item type Project Report
Holdings
Withdrawn status Lost status Source of classification or shelving scheme Damaged status Not for loan Permanent Location Current Location Shelving location Date acquired Total Checkouts Full call number Barcode Date last seen Price effective from Koha item type Public note
          Military College of Signals (MCS) Military College of Signals (MCS) Reference 01/16/2026   621.382,RAF MCSPTE-257 01/16/2026 01/16/2026 Project Report Almirah No.90, Shelf No.4
© 2023 Central Library, National University of Sciences and Technology. All Rights Reserved.